000 01003nam a2200265 a 4500
001 BRCA_3797
005 20190320204428.0
008 151109s1951----mx-a---###---#000-0#spa-#
041 _aspa
044 _amx
050 4 _aNA4232.M4
_b.D53 1951
100 1 _aDíaz y de Ovando, Clementina.
_99893
245 1 0 _aEl Colegio Máximo de San Pedro y San Pablo
_cClementina Díaz y de Ovando.
260 _aMéxico
_bUNAM, Instituto de Investigaciones Estéticas
_c1951
300 _a176 p.
_bil. , 35 láminas
_c20 cm.
440 0 _aEdiciones del iv Centenario de la Universidad de México
_v6
_99894
500 _aIncluye índice de materias, apéndices e ilustraciones.
500 _aB156
504 _aBibliografía: p. 169-171.
610 2 4 _aReal Colegio de San Pedro, San Pablo y San Ildefonso (Ciudad de México)
_99895
650 1 4 _aArquitectura
_zMéxico.
_9596
650 1 4 _aReal Colegio de San Pedro, San Pablo y San Idelfonso
_z(Ciudad de México).
_99896
902 _aGFM
942 _2lcc
_cB
999 _c3526
_d3526